000 00753nam a2200265Ia 4500
003 OSt
005 20220918221132.0
006 a|||||r|||| 00| 0
007 ta
008 220917b |||||||| |||| 00| 0 eng d
024 _a148,403
037 _cTextual
040 _aARTS
_cARTS
_beng
041 _2eng
_aeng
082 _aS8222, M2
100 _aBackett Kathryn C
_9139227
245 0 _aMothers and fathers
_b a study of the development and negotiation of parental behaviour
260 _aLondon
_bMacmillan
_c1982
300 _a251p.
_ccm.
490 _aEdinburgh studies in sociology
500 _aBib 246-48p
650 _aPSYCHOLOGY
942 _hS8222, M2
_cTEXL
_2CC
999 _c271080
_d271080